000 00667nam a22002417a 4500
001 32833
003 UA-OsUOA
005 20220704235903.0
007 ta
008 20050214b un ||||| |||| 00| 0 ukr d
040 _aUA-OsUOA
_brus
_cUA-OsUOA
_dUA-OsUOA
041 _arus
044 _aRU
080 _a821.581
090 _a821.581
_bЛ82
100 _aЛу-Синь
245 _aПовести и рассказы
_cЛу-Синь ; вступ. статья Л. Эйдлин
260 _aМосква
_bХудожественная литература
_c1971
300 _a496 с.
_bІлюстрації
650 7 _2UDC
942 _cBK
_2udc
955 _a0
999 _c319286
_d319286